000 00944cam a22002055a 4500
001 L137743
008 070426s2007 xxk f 000 0 eng d
035 _a(Sirsi) u137743
041 0 _aeng
100 1 _aLarkin, Daniel
245 0 0 _aHotels
_bthe fifth food group?
260 _c2007
490 0 _aJournal of Retail and Leisure Property
_v6(1) January 2007, 223-28(6)
520 _aSuggests hotels could be considered a separate asset class along with office, residential, retail and industrial. Claims that hotels have not been considered a separate asset class due to a lack of understanding in the industry along with uncertain levels of return. Discusses operational costs, market instabilities, investor activity and transactions.
590 _aKA
651 4 _aEngland and Wales
_y1543-
690 _aPROPERTY-COMMERCIAL PROPERTY-LEISURE PROPERTY-HOLIDAY AND GUEST PROPERTY-HOTEL PROPERTY
700 1 _aLam, Carmelo
942 _n0
999 _c78702
_d78702